000 01657cab a2200325 4500
001 ABS55017
008 090401t1996 xxu||||| |||| 00| 0 eng d
035 _a(Sirsi) u13621
041 _aeng
245 _aMainwaring v Trustees of Henry Smith`s Charity
260 _c1996
350 _a0
490 _aAll England Law Reports
_v[1996] 2 All ER 220-236(9)
520 _aCA 16 February 1996. An appeal against the decision of 20 November 1995 in which M`s claim that her rights under the Landlord and Tenant Act 1987 had been violated was rejected. Appeal allowed. The trustees had decided in July 1995 to sell the Kensington Estate freehold to the Wellcome Trust and rather than serve notices itself under s5 of the Act the right to serve notices was passed to the Wellcome Trust under s18 of the Act. S5 notices provided a timescale of no less than two months, whilst s18 notices provided only a minimum of 28 days. It was held that the Smith trustees should have served s5 notices on the applicant and other qualifying tenants affording them the right of first refusal.
650 _aKENSINGTON ESTATE
650 _aLANDLORD AND TENANT ACT 1987 S18
650 _aLANDLORD AND TENANT ACT 1987 S5
650 _aLANDLORD AND TENANT ACT 1987
650 _aLEASEHOLD ENFRANCHISEMENT
650 _aMAINWARING V TRUSTEES OF HENRY SMITHS CHARITY
650 _aNOTICE TO QUIT
650 _aRELEVANT DISPOSAL
650 _aRIGHT OF FIRST REFUSAL
650 _aSECTION 18 NOTICES
650 _aSECTION 5 NOTICES
650 _aWELLCOME TRUST
690 _aLANDLORD AND TENANT-CASE LAW-LEASEHOLD REFORM
942 _n0
948 _c04/03/1997
999 _c8772
_d8772